|
|
|
|
| LEADER |
01065nam a2200277 4500 |
| 001 |
802 |
| 003 |
BD-DhAAL |
| 005 |
20150325100709.0 |
| 008 |
150325s1973 nyu bs 000 0 eng |
| 010 |
|
|
|a 72010908
|
| 020 |
|
|
|a 0070093113
|
| 040 |
|
|
|a DLC
|c DLC
|d DLC
|d BD-DhAAL
|
| 050 |
0 |
0 |
|a LB2328
|b .B86
|
| 082 |
0 |
0 |
|a 378.1/543
|
| 100 |
1 |
|
|a Bushnell, David S.
|9 10121
|
| 245 |
1 |
0 |
|a Organizing for change: new priorities for community colleges
|c [by] David S. Bushnell.
|
| 260 |
|
|
|a New York,
|b McGraw-Hill
|c [1973]
|
| 300 |
|
|
|a xvi, 237 p.
|c 24 cm.
|
| 500 |
|
|
|a Report of a study project, Project Focus, initiated by the American Association of Junior Colleges.
|
| 504 |
|
|
|a Includes bibliographical references.
|
| 541 |
|
|
|e 802
|
| 650 |
|
0 |
|a Community colleges
|z United States.
|9 10122
|
| 710 |
2 |
|
|a American Association of Junior Colleges.
|9 10123
|
| 942 |
|
|
|2 ddc
|c BK
|
| 999 |
|
|
|c 34159
|d 34159
|
| 952 |
|
|
|0 0
|1 0
|2 ddc
|4 0
|6 378_154300000000000_BUS
|7 0
|9 53300
|a SCL
|b SCL
|c GEN
|d 2015-03-25
|e Gift: The Asia Foundation
|l 0
|o 378.1543 BUS
|p 3020000802
|r 2015-03-25
|t 1
|w 2015-03-25
|y BK
|